Countries that have Landed on the Moon - Statistics

General Stats
  • This quiz has been taken 71 times
  • The average score is 5 of 5
Answer Stats
Hint Answer % Correct
3 China
100%
1 Soviet Union
100%
2 United States
98%
4 India
95%
5 Japan
86%
No matching quizzes found
Score Distribution
Percent of People with Each Score
Percentile by Number Answered
Your Score History
You have not taken this quiz